00199nam a2200073Ia 4500008004100000082000800041100001600049245006000065240331s9999 xx 000 0 und d bWEH aWehmeier, S 0aOxford advanced learner's dictionary of current English